| Tag |
First Indicator |
Second Indicator |
Subfields |
| LEADER |
00000cam a2200000 4500 |
| 001 |
in00000054760 |
| 005 |
20151008052111.0 |
| 008 |
740513s1912 mau 00000 eng u |
| 010 |
|
|
|a 12024303
|
| 035 |
|
|
|a (OCoLC)00883925
|
| 035 |
|
|
|9 AAH1673AM
|
| 040 |
|
|
|c CWR
|d TXA
|d UtOrBLW
|
| 049 |
|
|
|a TXAM
|c [42252]
|
| 050 |
0 |
0 |
|a JK11 1912
|b .J64
|
| 092 |
|
|
|a 342.73
|b J66re
|
| 100 |
1 |
|
|a Johnson, Allen,
|d 1870-1931.
|
| 245 |
1 |
0 |
|a Readings in American constitutional history, 1776-1876 /
|c ed. by Allen Johnson ...
|
| 264 |
|
1 |
|a Boston,
|a New York [etc.] :
|b Houghton Mifflin company,
|c [1912]
|
| 264 |
|
4 |
|c [©1912]
|
| 300 |
|
|
|a xvii, 584 pages, 1 . ;
|c 23 cm.
|
| 336 |
|
|
|a text
|b txt
|2 rdacontent
|
| 337 |
|
|
|a unmediated
|b n
|2 rdamedia
|
| 338 |
|
|
|a volume
|b nc
|2 rdacarrier
|
| 505 |
0 |
|
|a Pt. 1. Foundations of American polity.- pt.2. The formation of state and federal constitutions.- pt.3. The establishment of the federal government.- pt.4. The development of national sovereignty.- pt.5. National sovereignty v. state rights.- pt.6. The new democracy.- pt.7. Slavery and the Constitution.- pt.8. The Constitution in the civil war.- pt.9. The reconstruction of the Union.
|
| 650 |
|
0 |
|a Constitutional history
|z United States.
|
| 999 |
|
|
|a MARS
|
| 999 |
f |
f |
|s 2ceff818-10cd-3f0b-9eb5-20c0a9a59fcf
|i 714137a9-9767-3e55-917d-0c625e6af1dc
|t 0
|
| 952 |
f |
f |
|p ric
|a Texas A&M University
|b Rellis Campus
|c Joint Library Facility
|d Remote Storage
|t 0
|e JK11 1912 .J64
|h Library of Congress classification
|i unmediated -- volume
|m A14800788346
|
| 998 |
f |
f |
|a JK11 1912 .J64
|t 0
|l Remote Storage
|